00839nam a22002177a 45000050016000000100014000160200026000300350013000560370013000690820008000821000020000902450058001102600044001682700071002123000025002834900090003085000051003989420022004499990017004719520133004882010072205365.0 aENG-97360 c600.00a9788131729427 aEN-80893 bDBAD/VEN a323 aLal, C.K.93482 aHuman rights, democracy and governance /cby C.K. Lal aNoidabDorling Kindersley (India)c2010 a7th Floor, Knowledge Boulevard, A-8 (A), Sector-62,bNoidae201309 axii, 164pc24cm (Hb) aImagine a new South Asia ; edited by John Samuel [and] Rashed Al Mahmud Titumir93483 aIncludes bibliographical references and index  2ddccENmLALh323 c38274d38274 001040718NFICaDBADbDBADd2010-07-30eDBAD/VENg600.00l0o323 LALpEN-80893r2010-07-30 00:00:00t1v600.00w2010-07-30yEN